000 00546nam a22001937a 4500
003 BD-ChCU
005 20251111141202.0
008 251111b ii ||||| |||| 00| 0 eng d
020 _a9788121904476
040 _cBD-ChCU
082 _a571.1 A261a
100 _aAgarwal, R.A.
_915992
245 _aAnimal Physiology and biochemistry /
_cR.A. Agarwal and Anil R. Srivastava
250 _a5r.ed
260 _aNew Delhi:
_bS. Chand Pub.,
_cc1978
300 _a377p.
650 0 _aPhysiology, Animal- Biochemistry
_915999
942 _2ddc
_cBK
_n0
999 _c109359
_d109359